| Tag |
First Indicator |
Second Indicator |
Subfields |
| LEADER |
00000cam a22000001i 4500 |
| 001 |
in00003920521 |
| 005 |
20190416171946.0 |
| 006 |
m |o d | |
| 007 |
cr |n||||||||| |
| 008 |
170922s2017 enk ob 001 0 eng d |
| 020 |
|
|
|a 9781351976411 (electronic bk.)
|
| 020 |
|
|
|a 1351976419 (electronic bk.)
|
| 020 |
|
|
|z 9781138286184 (hardback)
|
| 020 |
|
|
|z 1138286184 (hardback)
|
| 020 |
|
|
|z 9781138286191 (pbk.)
|
| 020 |
|
|
|z 1138286192 (pbk.)
|
| 024 |
8 |
|
|a 40027552858
|
| 035 |
|
|
|a (NhCcYBP)EBSCO1592818
|
| 040 |
|
|
|a NhCcYBP
|c NhCcYBP
|d UtOrBLW
|
| 050 |
|
4 |
|a H62
|b .W666 2017
|
| 082 |
0 |
4 |
|a 001.4/2028553
|2 23
|
| 100 |
1 |
|
|a Woolf, Nicholas H.,
|e author.
|0 http://id.loc.gov/authorities/names/n2017045364
|
| 245 |
1 |
0 |
|a Qualitative analysis using MAXQDA :
|b the five-level QDA® method /
|c Nicholas H. Woolf and Christina Silver.
|
| 264 |
|
1 |
|a Abingdon, Oxon ;
|a New York, NY :
|b Routledge,
|c 2017.
|
| 300 |
|
|
|a 1 online resource.
|
| 336 |
|
|
|a text
|b txt
|2 rdacontent
|
| 337 |
|
|
|a computer
|b c
|2 rdamedia
|
| 338 |
|
|
|a online resource
|b cr
|2 rdacarrier
|
| 490 |
1 |
|
|a Developing qualitative inquiry
|
| 504 |
|
|
|a Includes bibliographical references and index.
|
| 588 |
|
|
|a Description based on print version record.
|
| 500 |
|
|
|a Electronic resource.
|
| 630 |
0 |
0 |
|a MAXQDA (Computer file)
|0 http://id.loc.gov/authorities/names/n2017047690
|
| 650 |
|
0 |
|a Qualitative research
|x Data processing.
|
| 650 |
|
0 |
|a Qualitative research
|x Methodology.
|0 http://id.loc.gov/authorities/subjects/sh2016001988
|
| 655 |
|
7 |
|a Electronic books.
|2 local
|
| 700 |
1 |
|
|a Silver, Christina.
|0 http://id.loc.gov/authorities/names/nb2007011099
|
| 710 |
2 |
|
|a EBSCOhost.
|
| 776 |
1 |
8 |
|c Original
|z 9781138286184
|z 1138286184
|z 9781138286191
|z 1138286192
|w (DLC) 2017015788
|
| 856 |
4 |
0 |
|u http://proxy.library.tamu.edu/login?url=http://search.ebscohost.com/login.aspx?direct=true&scope=site&db=nlebk&db=nlabk&AN=1592818
|z Connect to the full text of this electronic book
|t 0
|
| 830 |
|
0 |
|a Developing qualitative inquiry.
|0 http://id.loc.gov/authorities/names/no2008048661
|
| 955 |
|
|
|a YBP purchased approval e-records
|
| 980 |
|
|
|b 240.00
|g 1
|
| 987 |
|
|
|a ybp14806722
|
| 999 |
f |
f |
|s ddd51104-6fce-3c45-b132-f4b4c0de9c68
|i 5c3ff876-9bbe-3999-9c38-607fef4f1a60
|t 0
|
| 952 |
f |
f |
|a Texas A&M University
|b College Station
|c Electronic Resources
|d Available Online
|t 0
|e H62 .W666 2017
|h Library of Congress classification
|
| 998 |
f |
f |
|a H62 .W666 2017
|t 0
|l Available Online
|